00505nam a2200157Ia 4500008004100000041000800041082001400049100001400063245006900077260002900146300000900175500001400184700000900198999001900207952012100226230725s2009 xx 000 0 und d aeng a615.4/PAD aParadkar  a Hospital & Clinical Pharmacy bHOSPITAL AND CLINICAL PHARMACY  bNIRALI PUBLICATIONc2009 a25.5 aTEXT BOOK aA, A c808132d808132 00104070aIPMbIPMd2023-07-27eCHEMTECH BOOKg150.00l0o615.4/PADpIPM-3829r2023-07-27 00:00:00w2023-07-27yBK